| 000 | 00887cam a2200289 i 4500 | ||
|---|---|---|---|
| 999 |
_c200441983 _d60195 |
||
| 001 | 200441983 | ||
| 003 | TR-AnTOB | ||
| 005 | 20241111145757.0 | ||
| 007 | ta | ||
| 008 | 210709s1953 gw a 000 0 ger d | ||
| 040 |
_aDLC _beng _erda _cDLC _dTR-AnTOB |
||
| 041 | 0 | _ager | |
| 050 | 1 | 4 |
_aQD1 _b.S2 1953 |
| 090 |
_aTOBBK QD1 _b.S2 1953 |
||
| 100 | 1 |
_aKuprianoff, V. _eauthor _9131415 |
|
| 245 | 1 | 0 |
_aDie feste Kohlensäure : _bherstelling und verwendung / _cProf. Dr.-Ing. J. Kuprianoff. |
| 250 | _a2. umgearb. und erweiterte Aufl. | ||
| 264 | 1 |
_aStuttgart : _bFerdinand Enke Verlog, _c1956. |
|
| 300 |
_a126 pages : _btables, illustration ; _c30 cm |
||
| 336 |
_atext _btxt _2rdacontent |
||
| 337 |
_aunmediated _bn _2rdamedia |
||
| 338 |
_avolume _bnc _2rdacarrier |
||
| 653 | _aDry ice. | ||
| 942 |
_2z _cBK |
||